[Event "LAT-ch Women 2017"]
[Site "Riga"]
[Date "2017.10.10"]
[Round "7"]
[White "Ter-Avetisjana, Agnesa Stepania"]
[Black "Limanovska, Elizabete"]
[Result "0-1"]
[WhiteElo "1319"]
[BlackElo "1972"]
[Annotator "NA"]
[PlyCount "100"]
[EventDate "2017.??.??"]
[EventType "swiss"]
[EventCountry "LAT"]
[SourceTitle "playchess.com"]
[Source "ChessBase"]
[SourceQuality "1"]
[TimeControl "5400+30"]

{[%evp 34,99,-125,-166,-70,-139,-114,-418,-152,-174,-157,-601,-623,-637,-623,-645,-453,-1306,-851,-29993,-1827,-2381,-593,-380,32767,32767,-450,-657,-329,32767,32767,32767,32767,32767,32767,32767,32767,32767,32767,-29988,-5318,-29989,32767,32767,32767,-29992,-687,-29986,-29984,-29997,-29998,-29998,-29992,-29992,-29993,-29993,-1277,32767,32767,-29994,-29995,-29997,-1312,-29998,-5410,-29998,-29999,-29999]} 1. e4 {[%emt 0:00:00]} c5 {[%emt 0:00:04]} 2. Nf3 {[%emt 0:00:00]} d6 {[%emt 0:00:03]} 3. d4 {[%emt 0:00:00]} cxd4 {[%emt 0:00:02]} 4. Nxd4 {[%emt 0:00:00]} Nf6 {[%emt 0:00:02]} 5. Nc3 {[%emt 0:00:02]} a6 {[%emt 0:00:04]} 6. Bd3 {[%emt 0:01:06]} e5 {[%emt 0:02:22]} 7. Nb3 {[%emt 0:01:00]} Be7 {[%emt 0:03:10]} 8. Bg5 {[%emt 0:01:22] B90: Sizilianisch (Najdorf-Variante, Abweichungen)} (8. O-O O-O 9. Re1 Nc6 10. Bf1 Be6 11. Nd5 a5 12. c4 a4 13. Nd2 Nd4 14. Nxe7+ Qxe7 15. Nb1 Qc7 {1-0 (56) Rogos,J (2380)-Norrelykke,S (2337) ICCF email 2012}) 8... Be6 {[%emt 0:02:28]} 9. Bxf6 {[%emt 0:01:21]} Bxf6 {[%emt 0:00:14]} 10. Nd5 {[%emt 0:00:29]} Bg5 {[%emt 0:04:09]} 11. h4 $146 {[%emt 0:00:36]} ({Vorgänger:} 11. O-O O-O 12. c4 Nc6 13. g3 Rc8 14. Kh1 Bh3 15. Rg1 f5 16. exf5 Bxf5 17. Bxf5 Rxf5 {0-1 (33) Kocyigit,B (1486)-Hatipli,M (1791) Manavgat 2016}) 11... Bh6 {[%emt 0:17:30]} 12. g4 {[%emt 0:03:22]} Bxd5 {[%emt 0:01:53]} 13. exd5 {[%emt 0:00:29]} Bf4 {[%emt 0:00:07]} 14. Qe2 {[%emt 0:05:36]} Nd7 {[%emt 0:01:21]} 15. c4 {[%emt 0:05:01]} O-O {[%emt 0:06:12]} 16. Qc2 {[%emt 0:04:07]} h6 {[%emt 0:10:02]} 17. Ke2 {[%emt 0:04:08]} Re8 {[%emt 0:05:50]} 18. Nd2 {[%emt 0:02:00] [#]} (18. Bh7+ $17 Kf8 19. Bf5) 18... Nc5 {[%emt 0:03:42]} (18... Bxd2 $1 $19 19. Kxd2 Qb6) 19. Rag1 {[%emt 0:03:06] [#]} (19. Ne4 $15) 19... b5 $1 {[%emt 0:13:58]} 20. cxb5 $2 {[%emt 0:01:21] [#]} (20. b3 $17) 20... Nxd3 $2 {[%emt 0:00:06]} (20... e4 $1 $19 {[%mdl 512] has better winning chances.} 21. Nxe4 Rc8) 21. Qxd3 {[%emt 0:00:22]} axb5 {[%emt 0:02:04]} 22. Qxb5 $2 {[%emt 0:01:29]} (22. a3) 22... Rb8 {[%emt 0:00:28]} 23. Qa4 {[%emt 0:02:30]} Rxb2 {[%emt 0:00:48]} 24. Rd1 {[%emt 0:00:22]} Qa8 {[%emt 0:01:09]} 25. Qd7 {[%emt 0:02:35]} (25. Qxa8 $142 Rxa8 26. Rh3) 25... e4 {[%emt 0:03:34]} 26. Qf5 {[%emt 0:00:46]} e3 {[%emt 0:00:06]} (26... Qa6+ $142 27. Ke1 e3 28. Nc4 exf2+ 29. Kf1 Qxc4+ 30. Qd3 Qxd3+ 31. Rxd3 Re1+ 32. Kg2 f1=Q#) 27. Qxf4 {[%emt 0:00:30]} exd2+ {[%emt 0:00:05]} (27... Rxd2+ $142 28. Rxd2 exd2+ 29. Kd1 Qxa2) 28. Kf3 {[%emt 0:01:11]} Qxd5+ {[%emt 0:00:31]} 29. Kg3 {[%emt 0:00:10]} Rxa2 {[%emt 0:00:42]} 30. Rhf1 {[%emt 0:01:00]} g5 {[%emt 0:05:47]} 31. hxg5 {[%emt 0:00:40]} hxg5 {[%emt 0:00:01]} 32. Qf3 {[%emt 0:00:57]} Qc5 {[%emt 0:00:53]} 33. Qd3 {[%emt 0:00:56]} Ra3 {[%emt 0:00:06]} 34. Rxd2 {[%emt 0:00:44]} Rxd3+ {[%emt 0:00:02]} 35. Rxd3 {[%emt 0:00:10]} Qe5+ {[%emt 0:00:04]} 36. Kh3 {[%emt 0:00:28]} Re6 {[%emt 0:00:06]} (36... Qe2 $142 37. Rg1 Qxf2 38. Ra1 Qh4+ 39. Kg2 Re2+ 40. Kg1 Qh2+ 41. Kf1 Qg2#) 37. Rfd1 {[%emt 0:00:22]} Rh6+ {[%emt 0:00:09]} 38. Kg2 {[%emt 0:00:14]} Rh2+ {[%emt 0:00:56]} 39. Kf1 {[%emt 0:00:30]} Rh1+ {[%emt 0:00:35]} (39... Qe4 $142 40. Re3 Qc2 41. Rd2 Qxd2 42. Re2 Qd3 43. Kg1 Qh3 44. Re8+ Kh7 45. Rh8+ Kxh8 46. f4 Qg2#) 40. Kg2 {[%emt 0:00:03]} Qe4+ {[%emt 0:01:17]} 41. Kg3 {[%emt 0:00:09]} Qf4+ {[%emt 0:00:05]} 42. Kg2 {[%emt 0:00:16]} Rxd1 {[%emt 0:00:03]} 43. Rxd1 {[%emt 0:00:12]} Qxg4+ {[%emt 0:00:02]} 44. Kf1 {[%emt 0:00:17]} Qxd1+ {[%emt 0:00:02]} 45. Kg2 {[%emt 0:00:13]} Kg7 {[%emt 0:00:03]} 46. Kg3 {[%emt 0:00:04]} Kg6 {[%emt 0:00:05]} 47. f3 {[%emt 0:00:23]} Qg1+ {[%emt 0:00:30]} 48. Kh3 {[%emt 0:00:06]} f5 {[%emt 0:00:14]} (48... Kh5 $142 49. f4 g4#) 49. f4 {[%emt 0:00:09]} g4+ {[%emt 0:00:03]} 50. Kh4 {[%emt 0:00:12]} Qh2# {[%emt 0:00:03]} (50... Qe1# $142) 0-1